000 00638nam a2200217Ia 4500
003 OSt
005 20221006153556.0
006 a|||||r|||| 00| 0
007 ta
008 221006b |||||||| |||| 00| 0 kor d
024 _a32,742
037 _bGift, Korean Embassy
_cVideo
040 _aEASL
_cEASL
_bkor
041 _2kor
_akor
100 _aNatinal Centre for Korean Traditional Performing Arts
_9664470
245 0 _aYemin donnak
260 _aKorea
_bNCKTPA
_c2003
300 _a DVD
_ccm.
942 _cAUD
_2CC
999 _c1100828
_d1100828